|
|
|
|
| LEADER |
00000nam0a2200000 4500 |
| 001 |
262603 |
| 005 |
20231101233652.0 |
| 035 |
|
|
|a (RuTPU)RU\TPU\book\285586
|
| 090 |
|
|
|a 262603
|
| 100 |
|
|
|a 20140603d m y0rusy50 ca
|
| 101 |
0 |
|
|a rus
|
| 102 |
|
|
|a RU
|
| 105 |
|
|
|a a j 001zy
|
| 200 |
1 |
|
|a Примеры и задачи по надежности систем теплоэнергоснабжения
|e учебное пособие
|f С. В. Голдаев
|g Национальный исследовательский Томский политехнический университет (ТПУ)
|
| 210 |
|
|
|a Томск
|c Изд-во ТПУ
|d 2013
|
| 215 |
|
|
|a 172 с.
|c ил.
|
| 320 |
|
|
|a Библиогр.: с. 167-169.
|
| 320 |
|
|
|a Глоссарий надежности: с. 164-166.
|
| 330 |
|
|
|a В пособии рассмотрены примеры, связанные с расчетами параметров надежности теплоэнергетических установок и систем. Использованы различные методы, часть которых реализована в виде программ на Турбо Паскале. Предназначено для магистрантов, обучающихся по направлению «Теплоэнергетика».
|
| 606 |
1 |
|
|a Теплоэнергетические установки
|2 stltpush
|3 (RuTPU)RU\TPU\subj\59827
|9 77324
|
| 610 |
1 |
|
|a надежность
|
| 610 |
1 |
|
|a понятия
|
| 610 |
1 |
|
|a характеристика
|
| 610 |
1 |
|
|a расчет
|
| 610 |
1 |
|
|a вероятностные методы
|
| 610 |
1 |
|
|a показатели
|
| 610 |
1 |
|
|a статистические расчеты
|
| 610 |
1 |
|
|a теплотехническое оборудование
|
| 610 |
1 |
|
|a структурный анализ
|
| 610 |
1 |
|
|a резервирование
|
| 610 |
1 |
|
|a статистические испытания
|
| 610 |
1 |
|
|a логико-вероятностные методы
|
| 610 |
1 |
|
|a газораспределительные сети
|
| 610 |
1 |
|
|a ресурсоснабжение
|
| 610 |
1 |
|
|a энергоснабжение
|
| 610 |
1 |
|
|a метод интенсивностей переходов
|
| 610 |
1 |
|
|a уравнения Колмогорова-Чепмена
|
| 610 |
1 |
|
|a учебные пособия
|
| 610 |
1 |
|
|a труды учёных ТПУ
|
| 675 |
|
|
|a 621.1.002.5(075.8)
|v 3
|
| 700 |
|
1 |
|a Голдаев
|b С. В.
|c специалист в области теплотехники
|c профессор Томского политехнического университета, доктор физико-математических наук
|f 1950-
|g Сергей Васильевич
|2 stltpush
|3 (RuTPU)RU\TPU\pers\26860
|
| 712 |
0 |
2 |
|a Национальный исследовательский Томский политехнический университет (ТПУ)
|c (2009- )
|2 stltpush
|3 (RuTPU)RU\TPU\col\15902
|
| 801 |
|
1 |
|a RU
|b 63413507
|c 20140603
|
| 801 |
|
2 |
|a RU
|b 63413507
|c 20140606
|g RCR
|
| 942 |
|
|
|c BK
|